|
|
|
|
| LEADER |
00982nam a2200301 4500 |
| 001 |
DLU090096865 |
| 005 |
##20091201 |
| 040 |
# |
# |
|a DLU
|b eng
|
| 041 |
# |
# |
|a eng
|
| 044 |
# |
# |
|a us
|
| 100 |
# |
# |
|a Lim, Jihyeon.
|
| 245 |
# |
# |
|a Development of a methodology based on metal-catalyzed oxidation reactions and mass spectrometry to determine the metal binding sites in copper metalloproteins /
|c Jihyeon Lim, Richard W. Vachet.
|
| 653 |
# |
# |
|a Analytical chemistry
|
| 653 |
# |
# |
|a Copper metalloproteins
|
| 653 |
# |
# |
|a Mass spectrometry
|
| 653 |
# |
# |
|a Metal binding
|
| 653 |
# |
# |
|a Oxidation
|
| 700 |
# |
# |
|a Vachet, Richard W.
|
| 773 |
# |
# |
|t Analytical Chemistry
|g Vol. 75, no. 5 (March 2003), p. 1164-1172
|
| 920 |
# |
# |
|a Phòng Tạp chí -- Trung tâm Thông tin - Thư viện Trường Đại học Đà Lạt
|
| 994 |
# |
# |
|a DLU
|
| 900 |
# |
# |
|a True
|
| 911 |
# |
# |
|a Trương Bảo Trâm Anh
|
| 925 |
# |
# |
|a G
|
| 926 |
# |
# |
|a A
|
| 927 |
# |
# |
|a BB
|
| 980 |
# |
# |
|a Thư viện Trường Đại học Đà Lạt
|